Guess The Horror Game From The Main Antagonist: Extremely Hard - Statistics

General Stats
  • This quiz has been taken 11 times
  • The average score is 7 of 15
Answer Stats
Main Antagonist Horror Game % Correct
Mother Apillonia The Nun Massacre
75%
Maniac Wrong Floor
75%
2AM Bathroom Stalker Stall
63%
Skinwalker T.R.A.P.T.
63%
Faceman Faceman 3D
50%
Jo Besity Jo’s House
50%
The Outlet The Scary Outlet
50%
Bob Bob the Killer
38%
Cageface Cage-Face: Subway
38%
Lady Death Death Trips
38%
Mooshie Mooshie’s Kitchen
38%
Mr. Krussy Mr. Krussy Requires The Souls of the Damned
38%
The Slasher Northbury Grove
38%
Skelety Skelety in the Park of Darkness
38%
Viktor Strobovski Advanced Education with Viktor Strobovski
25%
No matching quizzes found
Score Distribution
Percent of People with Each Score
Percentile by Number Answered
Your Score History
You have not taken this quiz